header

Death is the mother of beauty (Record no. 6149)

MARC details
000 -LEADER
fixed length control field 01169pam a2200325Ia 4500
001 - CONTROL NUMBER
control field ebr5005524
003 - CONTROL NUMBER IDENTIFIER
control field CaPaEBR
006 - FIXED-LENGTH DATA ELEMENTS--ADDITIONAL MATERIAL CHARACTERISTICS--GENERAL INFORMATION
fixed length control field m u
007 - PHYSICAL DESCRIPTION FIXED FIELD--GENERAL INFORMATION
fixed length control field cr cn|||||||||
008 - FIXED-LENGTH DATA ELEMENTS--GENERAL INFORMATION
fixed length control field 870324s2000 nz s 000 0 eng d
010 ## - LIBRARY OF CONGRESS CONTROL NUMBER
Canceled/invalid LC control number 87005998
020 ## - INTERNATIONAL STANDARD BOOK NUMBER
Cancelled/invalid ISBN 1877275131
040 ## - CATALOGING SOURCE
Original cataloging agency CaPaEBR
Transcribing agency CaPaEBR
035 ## - SYSTEM CONTROL NUMBER
System control number (OCoLC)70769090
050 14 - LIBRARY OF CONGRESS CALL NUMBER
Classification number PN228.M4
Item number T87 2000eb
100 1# - MAIN ENTRY--PERSONAL NAME
Personal name Turner, Mark,
Dates associated with a name 1954-
245 10 - TITLE STATEMENT
Title Death is the mother of beauty
Medium [electronic resource] :
Remainder of title mind, metaphor, criticism /
Statement of responsibility, etc Mark Turner.
250 ## - EDITION STATEMENT
Edition statement [New ed.]
260 ## - PUBLICATION, DISTRIBUTION, ETC. (IMPRINT)
Place of publication, distribution, etc Christchurch, N.Z. :
Name of publisher, distributor, etc Cybereditions,
Date of publication, distribution, etc 2000.
300 ## - PHYSICAL DESCRIPTION
Extent 177 p.
533 ## - REPRODUCTION NOTE
Type of reproduction Electronic reproduction.
Place of reproduction Palo Alto, Calif. :
Agency responsible for reproduction ebrary,
Date of reproduction 2009.
Note about reproduction Available via World Wide Web.
-- Access may be limited to ebrary affiliated libraries.
650 #0 - SUBJECT ADDED ENTRY--TOPICAL TERM
Topical term or geographic name as entry element Metaphor.
Topical term or geographic name as entry element Kinship
Form subdivision Terminology.
Topical term or geographic name as entry element Semantics.
Topical term or geographic name as entry element Causation.
Topical term or geographic name as entry element English poetry
General subdivision History and criticism.
655 #7 - INDEX TERM--GENRE/FORM
Genre/form data or focus term Electronic books.
Source of term local
710 2# - ADDED ENTRY--CORPORATE NAME
Corporate name or jurisdiction name as entry element ebrary, Inc.
856 40 - ELECTRONIC LOCATION AND ACCESS
Uniform Resource Identifier <a href="http://site.ebrary.com/lib/rucke/Doc?id=5005524">http://site.ebrary.com/lib/rucke/Doc?id=5005524</a>
Public note An electronic book accessible through the World Wide Web; click to view

No items available.

© 2026 Rongo University
Contact us: librarian | system librarian | Rongo university